<?xml version="1.0" encoding="UTF-8"?>
<record
    xmlns:xsi="http://www.w3.org/2001/XMLSchema-instance"
    xsi:schemaLocation="http://www.loc.gov/MARC21/slim http://www.loc.gov/standards/marcxml/schema/MARC21slim.xsd"
    xmlns="http://www.loc.gov/MARC21/slim">

  <leader>02819cam a22004334i 4500</leader>
  <controlfield tag="003">PE-LiUPU</controlfield>
  <controlfield tag="005">20250731183410.0</controlfield>
  <controlfield tag="008">171227s2017    gaua    rb    001 0 eng d</controlfield>
  <datafield tag="020" ind1=" " ind2=" ">
    <subfield code="a">9781628371727</subfield>
  </datafield>
  <datafield tag="035" ind1=" " ind2=" ">
    <subfield code="a">(Sirsi) a240742</subfield>
  </datafield>
  <datafield tag="040" ind1=" " ind2=" ">
    <subfield code="a">PE-LiUPU</subfield>
    <subfield code="b">spa</subfield>
    <subfield code="c">PE-LiUPU</subfield>
    <subfield code="e">rda</subfield>
  </datafield>
  <datafield tag="049" ind1=" " ind2=" ">
    <subfield code="a">PRUA</subfield>
  </datafield>
  <datafield tag="082" ind1="0" ind2="4">
    <subfield code="a">755.4</subfield>
    <subfield code="b">T46</subfield>
    <subfield code="2">23</subfield>
  </datafield>
  <datafield tag="245" ind1="0" ind2="4">
    <subfield code="a">The art of visual exegesis :</subfield>
    <subfield code="b">rhetoric, texts, images /</subfield>
    <subfield code="c">Vernon K. Robbins, Walter S. Melion, and Roy R. Jeal.</subfield>
  </datafield>
  <datafield tag="264" ind1=" " ind2="1">
    <subfield code="a">Atlanta :</subfield>
    <subfield code="b">SBL Press ;</subfield>
    <subfield code="c">2017</subfield>
  </datafield>
  <datafield tag="300" ind1=" " ind2=" ">
    <subfield code="a">511 p&#xE1;ginas :</subfield>
    <subfield code="b">ilustraciones ;</subfield>
    <subfield code="c">23 cent&#xED;metros</subfield>
  </datafield>
  <datafield tag="336" ind1=" " ind2=" ">
    <subfield code="a">text</subfield>
    <subfield code="2">rdacontent</subfield>
  </datafield>
  <datafield tag="337" ind1=" " ind2=" ">
    <subfield code="a">unmediated</subfield>
    <subfield code="2">rdamedia</subfield>
  </datafield>
  <datafield tag="338" ind1=" " ind2=" ">
    <subfield code="a">volume</subfield>
    <subfield code="2">rdacarrier</subfield>
  </datafield>
  <datafield tag="504" ind1=" " ind2=" ">
    <subfield code="a">Bibliograf&#xED;a : p&#xE1;ginas 441-483.</subfield>
  </datafield>
  <datafield tag="504" ind1=" " ind2=" ">
    <subfield code="a">&#xCD;ndice : p&#xE1;ginas 497-511.</subfield>
  </datafield>
  <datafield tag="505" ind1="0" ind2=" ">
    <subfield code="a">Methodology for visual exegesis and rhetrography. New Testament texts, visual naterial culture, and earliest christian art ; Visual interpretationL blending rhetorical arts in Colossians 2:6-3:4 ; Methodology underlying the presentation of visual texture in the Gospel of John ; Eyes wide open, seeing nothing: the challenge of the Gospel of John's nonvisualizable texture for readings using visual texture -- visual exegesis using Roman visual material culture. Paul, imperial situation, and visualization in the Epistle to the Colossians ; The Galatian suicide and the transbinary semiotics of Christ curcified (Galatians 3:1): exercises in visual exegesis and critical reimagination ; Armor, peace, and gladiators: a visual exegesis of Ephesians 6:10-17 -- visual exegesis using Christian art. Graphic exegesis: reflections on the difficulty of talking about biblical images, pictures, and texts ; The gifts of epiphany: Geertgen tot Sint Jans and the adoration of the magi ; "Exactitude and fidelity"? Paintings of Christ healing the blind by Nicolas Poussin and Philippe de Champaigne ; Topos versus Topia: Herri me de Bles's visual exegesis of the parable of the Good Samaritan ; Signa resurrectionis: vision, image, and pictorial proof in Pieter Bruegel's resurrection of Circa 1562-1563.</subfield>
  </datafield>
  <datafield tag="526" ind1=" " ind2=" ">
    <subfield code="a">P158</subfield>
  </datafield>
  <datafield tag="526" ind1=" " ind2=" ">
    <subfield code="a">P146</subfield>
  </datafield>
  <datafield tag="526" ind1=" " ind2=" ">
    <subfield code="a">P17</subfield>
  </datafield>
  <datafield tag="526" ind1=" " ind2=" ">
    <subfield code="a">P12</subfield>
  </datafield>
  <datafield tag="526" ind1=" " ind2=" ">
    <subfield code="a">P06</subfield>
  </datafield>
  <datafield tag="630" ind1="0" ind2="4">
    <subfield code="a">Biblia.</subfield>
    <subfield code="x">Ilustraciones.</subfield>
  </datafield>
  <datafield tag="630" ind1="0" ind2="4">
    <subfield code="a">Biblia.</subfield>
    <subfield code="p">N.T.</subfield>
    <subfield code="x">Cr&#xED;tica, interpretaci&#xF3;n, etc.</subfield>
    <subfield code="x">Historia.</subfield>
  </datafield>
  <datafield tag="650" ind1="0" ind2="4">
    <subfield code="a">Arte cristiano y simbolismo.</subfield>
  </datafield>
  <datafield tag="700" ind1="1" ind2=" ">
    <subfield code="a">Melion, Walter S.,</subfield>
    <subfield code="e">editor.</subfield>
  </datafield>
  <datafield tag="700" ind1="1" ind2=" ">
    <subfield code="a">Jeal, Roy R.,</subfield>
    <subfield code="e">editor.</subfield>
  </datafield>
  <datafield tag="700" ind1="1" ind2=" ">
    <subfield code="a">Melion, Walter S.,</subfield>
    <subfield code="e">editor.</subfield>
  </datafield>
  <datafield tag="910" ind1=" " ind2=" ">
    <subfield code="a">dbm</subfield>
    <subfield code="b">ksl</subfield>
    <subfield code="c">ksl</subfield>
    <subfield code="d">20171227</subfield>
  </datafield>
  <datafield tag="596" ind1=" " ind2=" ">
    <subfield code="a">1</subfield>
  </datafield>
  <datafield tag="942" ind1=" " ind2=" ">
    <subfield code="2">ddc</subfield>
    <subfield code="c">BOOK</subfield>
  </datafield>
  <datafield tag="999" ind1=" " ind2=" ">
    <subfield code="a">755.4 T46</subfield>
    <subfield code="w">LC</subfield>
    <subfield code="c">26426</subfield>
    <subfield code="i">77751</subfield>
    <subfield code="d">26426</subfield>
    <subfield code="e">2019-8-12</subfield>
    <subfield code="f">2021-11-11</subfield>
    <subfield code="g">4</subfield>
    <subfield code="l">CCODEBUL1</subfield>
    <subfield code="m">BUL</subfield>
    <subfield code="n">1</subfield>
    <subfield code="p">42.50</subfield>
    <subfield code="r">0</subfield>
    <subfield code="s">Y</subfield>
    <subfield code="t">BOOK</subfield>
    <subfield code="u">2017-12-27</subfield>
    <subfield code="x">TEOLOGIA</subfield>
    <subfield code="P">P85</subfield>
    <subfield code="0">COMPRA</subfield>
    <subfield code="o">.STAFF. Colecci&#xF3;n Teolog&#xED;a</subfield>
  </datafield>
  <datafield tag="980" ind1=" " ind2=" ">
    <subfield code="8">1</subfield>
    <subfield code="g">ALBERTO SANCHEZ Responsable de Automatizaci&#xF3;n</subfield>
  </datafield>
  <datafield tag="952" ind1=" " ind2=" ">
    <subfield code="r">2025-12-03 00:00:00</subfield>
    <subfield code="i">5</subfield>
    <subfield code="l">1</subfield>
    <subfield code="o">755.4 T46</subfield>
    <subfield code="p">77751</subfield>
    <subfield code="s">2019-08-12</subfield>
    <subfield code="t">e1</subfield>
    <subfield code="v">47.50</subfield>
    <subfield code="w">2017-12-27</subfield>
    <subfield code="x">PG</subfield>
    <subfield code="y">BK</subfield>
    <subfield code="z">inventario-2023-12-13</subfield>
    <subfield code="1">0</subfield>
    <subfield code="2">ddc</subfield>
    <subfield code="5">0</subfield>
    <subfield code="7">0</subfield>
    <subfield code="8">GEN</subfield>
    <subfield code="f">P85</subfield>
    <subfield code="a">BUL</subfield>
    <subfield code="b">BUL</subfield>
    <subfield code="c">GEN</subfield>
    <subfield code="d">2017-12-27</subfield>
    <subfield code="e">COMPRA</subfield>
    <subfield code="g">42.50</subfield>
  </datafield>
</record>
